[Event "Muensterland Regionalliga 2526"]
[Site "Germany"]
[Date "2026.02.07"]
[Round "6"]
[Board "8"]
[White "Baer, Klaus"]
[Black "Tukmans, Maigonis"]
[Result "0-1"]
[WhiteElo "1560"]
[BlackElo "1789"]
[WhiteFideId "-1"]
[BlackFideId "-1"]
[PlyCount "62"]
[GameId "2276418999378462"]
[EventDate "2025.??.??"]
[EventType "team-tourn"]
[EventRounds "9"]
[EventCountry "GER"]
[SourceTitle "Verband Muensterland"]
[SourceDate "2025.09.21"]
[SourceVersion "1"]
[SourceVersionDate "2025.09.21"]
[SourceQuality "1"]
[WhiteTeam "Gronau"]
[BlackTeam "Rheine Klein Berlin"]
[WhiteTeamCountry "GER"]
[BlackTeamCountry "GER"]

1. Nf3 Nf6 2. d4 g6 3. e3 Bg7 4. Bd3 O-O 5. O-O d6 6. Nbd2 Nbd7 7. c4 c5 8. Re1 b6 9. b3 Bb7 10. Bb2 Qc7 11. Qc2 Rad8 12. d5 e5 13. dxe6 fxe6 14. Rad1 d5 15. h3 Qd6 16. e4 dxe4 17. Nxe4 Qc6 18. Ned2 Bh6 19. Be4 Nxe4 20. Nxe4 e5 21. Rd6 Qc7 22. Red1 Bxe4 23. Qxe4 Nf6 24. Rxd8 Nxe4 25. Rxf8+ Bxf8 26. Bxe5 Bd6 27. Bxd6 Nxd6 28. Rd5 Kg7 29. Ne5 Nf7 30. Nf3 Kf6 31. g3 Qe7 0-1

[Event "Muensterland Regionalliga 2526"]
[Site "Germany"]
[Date "2026.02.07"]
[Round "6"]
[Board "1"]
[White "Wellen, Hendrik"]
[Black "Tuente, Marcel"]
[Result "1/2-1/2"]
[WhiteElo "1995"]
[BlackElo "1953"]
[WhiteFideId "-1"]
[BlackFideId "-1"]
[PlyCount "47"]
[GameId "2276419420828863"]
[EventDate "2025.??.??"]
[EventType "team-tourn"]
[EventRounds "9"]
[EventCountry "GER"]
[SourceTitle "Verband Muensterland"]
[SourceDate "2025.09.21"]
[SourceVersion "1"]
[SourceVersionDate "2025.09.21"]
[SourceQuality "1"]
[WhiteTeam "Heiden"]
[BlackTeam "Raesfeld Erle II"]
[WhiteTeamCountry "GER"]
[BlackTeamCountry "GER"]

1. d4 Nf6 2. c4 g6 3. Nc3 Bg7 4. e4 d6 5. Nf3 O-O 6. Be2 e5 7. d5 a5 8. Bg5 h6 9. Bh4 Na6 10. Nd2 Qe8 11. a3 Nh7 12. Qc2 f5 13. f3 Bd7 14. O-O-O Nc5 15. Kb1 Na4 16. Nxa4 Bxa4 17. b3 Bd7 18. c5 Nf6 19. Rc1 g5 20. Be1 fxe4 21. fxe4 Qg6 22. Ka2 dxc5 23. Qxc5 a4 24. b4 1/2-1/2

[Event "Muensterland Regionalliga 2526"]
[Site "Germany"]
[Date "2026.02.07"]
[Round "6"]
[Board "2"]
[White "Broemmel, Rudolf"]
[Black "Leidig, Andreas"]
[Result "0-1"]
[WhiteElo "1910"]
[BlackElo "1897"]
[WhiteFideId "-1"]
[BlackFideId "-1"]
[PlyCount "134"]
[GameId "2276419420828864"]
[EventDate "2025.??.??"]
[EventType "team-tourn"]
[EventRounds "9"]
[EventCountry "GER"]
[SourceTitle "Verband Muensterland"]
[SourceDate "2025.09.21"]
[SourceVersion "1"]
[SourceVersionDate "2025.09.21"]
[SourceQuality "1"]
[WhiteTeam "Raesfeld Erle II"]
[BlackTeam "Heiden"]
[WhiteTeamCountry "GER"]
[BlackTeamCountry "GER"]

1. d4 d5 2. Bg5 Nf6 3. Bxf6 exf6 4. e3 Bd6 5. Bd3 Be6 6. Qf3 Nd7 7. Nc3 c6 8. Nge2 Qb6 9. Rb1 Qc7 10. g3 g6 11. h3 h5 12. Nf4 f5 13. Nce2 Qa5+ 14. c3 Qxa2 15. Nxe6 fxe6 16. Nf4 Bxf4 17. Qxf4 O-O-O 18. O-O Qb3 19. Ra1 Qb6 20. h4 a6 21. Kg2 Qc7 22. Ra3 e5 23. Qg5 Qd6 24. Rfa1 Rde8 25. Rc1 Qf6 26. Qxf6 Nxf6 27. c4 exd4 28. cxd5 Nxd5 29. Bc4 Rd8 30. exd4 Kb8 31. Kf3 Rhe8 32. Bxd5 Rxd5 33. Re3 Red8 34. Re6 R5d6 35. Rce1 Kc7 36. Re7+ R8d7 37. R1e6 a5 38. Ke3 b5 39. Re8 a4 40. Rxd6 Rxd6 41. Re5 Kd7 42. Rc5 Rd5 43. Rc1 Kc7 44. f3 Kb6 45. Ra1 Ka5 46. Rc1 Rd6 47. Kd3 Kb4 48. Rc3 Ka5 49. Rc1 Re6 50. Rc3 Kb6 51. Rc1 Rd6 52. Ke3 Rd5 53. Rc2 c5 54. dxc5+ Rxc5 55. Rd2 b4 56. Kd4 a3 57. bxa3 bxa3 58. Ra2 Ra5 59. Kc4 Kc6 60. Kb4 Ra8 61. Kc4 Kd6 62. Kd4 Ra4+ 63. Kc3 Kc5 64. f4 Re4 65. Rg2 Re3+ 66. Kd2 Rb3 67. Rg1 Kb4 0-1

[Event "Muensterland Regionalliga 2526"]
[Site "Germany"]
[Date "2026.02.07"]
[Round "6"]
[Board "3"]
[White "Wigger, Niklas"]
[Black "Hoffmann, Fabian"]
[Result "0-1"]
[WhiteElo "1858"]
[BlackElo "2009"]
[WhiteFideId "-1"]
[BlackFideId "-1"]
[PlyCount "54"]
[GameId "2276419420837057"]
[EventDate "2025.??.??"]
[EventType "team-tourn"]
[EventRounds "9"]
[EventCountry "GER"]
[SourceTitle "Verband Muensterland"]
[SourceDate "2025.09.21"]
[SourceVersion "1"]
[SourceVersionDate "2025.09.21"]
[SourceQuality "1"]
[WhiteTeam "Heiden"]
[BlackTeam "Raesfeld Erle II"]
[WhiteTeamCountry "GER"]
[BlackTeamCountry "GER"]

1. d4 d5 2. g3 Bf5 3. Bg2 e6 4. Nf3 Nf6 5. Nbd2 c5 6. Nh4 Be4 7. Nxe4 dxe4 8. Bg5 cxd4 9. Bxf6 gxf6 10. Bxe4 Qa5+ 11. Kf1 Qb6 12. Nf3 f5 13. Bd3 Bg7 14. c3 dxc3 15. bxc3 O-O 16. Rb1 Qc7 17. Qb3 b6 18. Nd4 Nd7 19. e4 Nc5 20. Qc2 Qd6 21. Rd1 fxe4 22. Be2 Qe5 23. Kg2 Rac8 24. Rhe1 Qd5 25. Nb5 Nd3 26. c4 Nxe1+ 27. Rxe1 Qxb5 0-1

[Event "Muensterland Regionalliga 2526"]
[Site "Germany"]
[Date "2026.02.07"]
[Round "6"]
[Board "4"]
[White "Bergemann, Martin"]
[Black "Wienen, Hermann"]
[Result "1-0"]
[WhiteElo "1891"]
[BlackElo "1875"]
[WhiteFideId "-1"]
[BlackFideId "-1"]
[PlyCount "89"]
[GameId "2276419420828862"]
[EventDate "2025.??.??"]
[EventType "team-tourn"]
[EventRounds "9"]
[EventCountry "GER"]
[SourceTitle "Verband Muensterland"]
[SourceDate "2025.09.21"]
[SourceVersion "1"]
[SourceVersionDate "2025.09.21"]
[SourceQuality "1"]
[WhiteTeam "Raesfeld Erle II"]
[BlackTeam "Heiden"]
[WhiteTeamCountry "GER"]
[BlackTeamCountry "GER"]

1. d4 d5 2. c4 e6 3. cxd5 exd5 4. Nc3 Nf6 5. Bg5 Be7 6. e3 O-O 7. Bd3 c6 8. Qc2 h6 9. Bh4 Re8 10. Nf3 Nbd7 11. O-O Ne4 12. Bxe7 Qxe7 13. Rab1 Ndf6 14. Ne5 Nxc3 15. bxc3 Ng4 16. Nxg4 Bxg4 17. Rfe1 Rab8 18. h3 Bd7 19. e4 Qg5 20. Kf1 dxe4 21. Bxe4 Qf4 22. Kg1 Qd6 23. Re3 Re7 24. Qe2 f5 25. Bd5+ Qxd5 26. Rxe7 b5 27. Qe5 Qxe5 28. dxe5 Be8 29. Rxa7 Bf7 30. Rd1 Bd5 31. a4 bxa4 32. Rxa4 Re8 33. Re1 Re6 34. Rd4 Rg6 35. g3 Kf7 36. Kh2 Ke7 37. f4 Re6 38. c4 Be4 39. Red1 Kf7 40. Rd7+ Kg8 41. R1d6 Re8 42. Rd8 Rxd8 43. Rxd8+ Kf7 44. Rd6 Ke7 45. Kg1 1-0

[Event "Muensterland Regionalliga 2526"]
[Site "Germany"]
[Date "2026.02.07"]
[Round "6"]
[Board "5"]
[White "Niewerth, Gerd"]
[Black "Boelker, Franz"]
[Result "1-0"]
[WhiteElo "1838"]
[BlackElo "1805"]
[WhiteFideId "-1"]
[BlackFideId "-1"]
[PlyCount "65"]
[GameId "2276419420837058"]
[EventDate "2025.??.??"]
[EventType "team-tourn"]
[EventRounds "9"]
[EventCountry "GER"]
[SourceTitle "Verband Muensterland"]
[SourceDate "2025.09.21"]
[SourceVersion "1"]
[SourceVersionDate "2025.09.21"]
[SourceQuality "1"]
[WhiteTeam "Heiden"]
[BlackTeam "Raesfeld Erle II"]
[WhiteTeamCountry "GER"]
[BlackTeamCountry "GER"]

1. e4 c5 2. Nf3 d6 3. d4 cxd4 4. Nxd4 Nf6 5. Nc3 a6 6. Bg5 e6 7. f4 Nbd7 8. Qe2 Qc7 9. O-O-O Be7 10. g4 b5 11. a3 Bb7 12. Bg2 Rc8 13. Kb1 h6 14. Bh4 Nb6 15. Bg3 Nc4 16. Rd3 Nd7 17. Nb3 Bf6 18. h4 Nxb2 19. Kxb2 Bxc3+ 20. Kb1 Bf6 21. Rhd1 Be7 22. Be1 Nc5 23. Ba5 Qb8 24. Nxc5 dxc5 25. Qd2 O-O 26. g5 h5 27. Rd7 Rfe8 28. g6 f5 29. exf5 Bxg2 30. Qxg2 exf5 31. Qd5+ Kh8 32. Bc3 Rg8 33. Qf3 1-0

[Event "Muensterland Regionalliga 2526"]
[Site "Germany"]
[Date "2026.02.07"]
[Round "6"]
[Board "6"]
[White "Broemmel, Chris"]
[Black "Meis, Jonas"]
[Result "1-0"]
[WhiteElo "1827"]
[BlackElo "1754"]
[WhiteFideId "-1"]
[BlackFideId "-1"]
[PlyCount "59"]
[GameId "2276419420837059"]
[EventDate "2025.??.??"]
[EventType "team-tourn"]
[EventRounds "9"]
[EventCountry "GER"]
[SourceTitle "Verband Muensterland"]
[SourceDate "2025.09.21"]
[SourceVersion "1"]
[SourceVersionDate "2025.09.21"]
[SourceQuality "1"]
[WhiteTeam "Raesfeld Erle II"]
[BlackTeam "Heiden"]
[WhiteTeamCountry "GER"]
[BlackTeamCountry "GER"]

1. e4 c5 2. Nf3 e6 3. c3 d5 4. exd5 Qxd5 5. d4 Nf6 6. Be2 Nc6 7. O-O Be7 8. Be3 O-O 9. c4 Qd8 10. dxc5 Ng4 11. Qb3 Qc7 12. a3 Bg5 13. h3 Nxe3 14. fxe3 Be7 15. Nc3 Na5 16. Qc2 Qxc5 17. Qe4 Qc6 18. Qf4 Qd6 19. b4 Qxf4 20. exf4 Bf6 21. Rac1 Nb3 22. Rc2 Nd4 23. Nxd4 Bxd4+ 24. Kh2 e5 25. Nb5 Bf5 26. Nxd4 exd4 27. Rd2 Rad8 28. Rfd1 Rfe8 29. Bf3 b6 30. Rxd4 1-0

[Event "Muensterland Regionalliga 2526"]
[Site "Germany"]
[Date "2026.02.07"]
[Round "6"]
[Board "7"]
[White "Dolle, Stefan"]
[Black "Fasselt, Hendrik"]
[Result "1/2-1/2"]
[WhiteElo "1767"]
[BlackElo "1825"]
[WhiteFideId "-1"]
[BlackFideId "-1"]
[PlyCount "30"]
[GameId "2276419420812476"]
[EventDate "2025.??.??"]
[EventType "team-tourn"]
[EventRounds "9"]
[EventCountry "GER"]
[SourceTitle "Verband Muensterland"]
[SourceDate "2025.09.21"]
[SourceVersion "1"]
[SourceVersionDate "2025.09.21"]
[SourceQuality "1"]
[WhiteTeam "Heiden"]
[BlackTeam "Raesfeld Erle II"]
[WhiteTeamCountry "GER"]
[BlackTeamCountry "GER"]

1. d4 d5 2. c4 e6 3. Nc3 Nf6 4. Bg5 Be7 5. e3 h6 6. Bh4 O-O 7. Nf3 c6 8. Rc1 Re8 9. a3 Nbd7 10. Qc2 dxc4 11. Bxc4 Nb6 12. Bd3 Nbd5 13. O-O Bd7 14. h3 Rc8 15. Bg3 c5 1/2-1/2

[Event "Muensterland Regionalliga 2526"]
[Site "Germany"]
[Date "2026.02.07"]
[Round "6"]
[Board "8"]
[White "Groemping, Franz-Josef"]
[Black "Foeing, Sebastian"]
[Result "1/2-1/2"]
[WhiteElo "1741"]
[BlackElo "1568"]
[WhiteFideId "-1"]
[BlackFideId "-1"]
[PlyCount "21"]
[GameId "2276419420828861"]
[EventDate "2025.??.??"]
[EventType "team-tourn"]
[EventRounds "9"]
[EventCountry "GER"]
[SourceTitle "Verband Muensterland"]
[SourceDate "2025.09.21"]
[SourceVersion "1"]
[SourceVersionDate "2025.09.21"]
[SourceQuality "1"]
[WhiteTeam "Raesfeld Erle II"]
[BlackTeam "Heiden"]
[WhiteTeamCountry "GER"]
[BlackTeamCountry "GER"]

1. b4 d5 2. Bb2 Bf5 3. e3 e6 4. Nf3 Nf6 5. c4 c6 6. b5 cxb5 7. cxb5 Nbd7 8. Be2 Bd6 9. d4 Rc8 10. O-O O-O 11. Nc3 1/2-1/2

[Event "Muensterland Regionalliga 2526"]
[Site "Germany"]
[Date "2026.02.07"]
[Round "6"]
[Board "1"]
[White "Koch, Alexander"]
[Black "Mueller, Achim"]
[Result "1-0"]
[WhiteElo "2006"]
[BlackElo "2010"]
[WhiteFideId "-1"]
[BlackFideId "-1"]
[PlyCount "42"]
[GameId "2276419119657964"]
[EventDate "2025.??.??"]
[EventType "team-tourn"]
[EventRounds "9"]
[EventCountry "GER"]
[SourceTitle "Verband Muensterland"]
[SourceDate "2025.09.21"]
[SourceVersion "1"]
[SourceVersionDate "2025.09.21"]
[SourceQuality "1"]
[WhiteTeam "Metelen"]
[BlackTeam "Emsdetten Rochade"]
[WhiteTeamCountry "GER"]
[BlackTeamCountry "GER"]

1. e4 c5 2. Nc3 a6 3. a4 b6 4. Bc4 e6 5. d3 Bb7 6. Bb3 d5 7. Qf3 d4 8. Nce2 Bd6 9. Bf4 Ne7 10. Qg3 Bxf4 11. Nxf4 Ng6 12. Nh5 O-O 13. h4 b5 14. Nxg7 c4 15. h5 Kxg7 16. hxg6 fxg6 17. dxc4 Qf6 18. f3 e5 19. cxb5 axb5 20. Qh3 h5 21. Qd7+ Rf7 1-0

[Event "Muensterland Regionalliga 2526"]
[Site "Germany"]
[Date "2026.02.07"]
[Round "6"]
[Board "2"]
[White "Lemli, Thomas"]
[Black "Zachej, Arne"]
[Result "1/2-1/2"]
[WhiteElo "1965"]
[BlackElo "1835"]
[WhiteFideId "-1"]
[BlackFideId "-1"]
[PlyCount "79"]
[GameId "2276419119657966"]
[EventDate "2025.??.??"]
[EventType "team-tourn"]
[EventRounds "9"]
[EventCountry "GER"]
[SourceTitle "Verband Muensterland"]
[SourceDate "2025.09.21"]
[SourceVersion "1"]
[SourceVersionDate "2025.09.21"]
[SourceQuality "1"]
[WhiteTeam "Emsdetten Rochade"]
[BlackTeam "Metelen"]
[WhiteTeamCountry "GER"]
[BlackTeamCountry "GER"]

1. Nf3 d5 2. d4 c6 3. c4 e6 4. Qc2 f5 5. Bf4 Bd6 6. e3 Nf6 7. Nbd2 O-O 8. Be2 Bxf4 9. exf4 Ne4 10. O-O Nd7 11. cxd5 exd5 12. Ne5 Qb6 13. Nb3 a5 14. a4 Ndf6 15. f3 Nd6 16. Nc5 Re8 17. Bd3 Nh5 18. g3 g6 19. Rfe1 Ng7 20. Qc3 Ne6 21. Re3 Nf7 22. Nxf7 Kxf7 23. Rae1 Qc7 24. Re5 Bd7 25. Bf1 Nxc5 26. Qxc5 Re6 27. Rc1 Qd6 28. Qb6 Qb4 29. Qxb4 axb4 30. b3 Ra5 31. Kf2 Ke7 32. h3 Ra8 33. Ke3 Kd6 34. g4 Rf6 35. Bd3 Raf8 36. Rf1 Be6 37. Be2 R6f7 38. h4 b6 39. h5 Rf6 40. g5 1/2-1/2

[Event "Muensterland Regionalliga 2526"]
[Site "Germany"]
[Date "2026.02.07"]
[Round "6"]
[Board "3"]
[White "Wigger, Frank"]
[Black "Nordholt, Uwe"]
[Result "1-0"]
[WhiteElo "1911"]
[BlackElo "1766"]
[WhiteFideId "-1"]
[BlackFideId "-1"]
[PlyCount "51"]
[GameId "2276419119657968"]
[EventDate "2025.??.??"]
[EventType "team-tourn"]
[EventRounds "9"]
[EventCountry "GER"]
[SourceTitle "Verband Muensterland"]
[SourceDate "2025.09.21"]
[SourceVersion "1"]
[SourceVersionDate "2025.09.21"]
[SourceQuality "1"]
[WhiteTeam "Metelen"]
[BlackTeam "Emsdetten Rochade"]
[WhiteTeamCountry "GER"]
[BlackTeamCountry "GER"]

1. e4 e6 2. d4 d5 3. Nd2 Nf6 4. e5 Nfd7 5. Bd3 c5 6. c3 Nc6 7. Ngf3 cxd4 8. cxd4 Be7 9. O-O O-O 10. Re1 f5 11. exf6 Nxf6 12. Nb3 Bd6 13. Bg5 Qc7 14. Rc1 Qf7 15. Qe2 Qh5 16. h3 Bd7 17. Ne5 Bxe5 18. Qxh5 Nxh5 19. dxe5 Nb4 20. Bb1 b6 21. Be7 Na6 22. Bxf8 Rxf8 23. g3 g6 24. Bd3 Nb4 25. Be2 Ba4 26. Nd4 1-0

[Event "Muensterland Regionalliga 2526"]
[Site "Germany"]
[Date "2026.02.07"]
[Round "6"]
[Board "4"]
[White "Hemmers, Dieter"]
[Black "Denkler, Juergen"]
[Result "1/2-1/2"]
[WhiteElo "1778"]
[BlackElo "1784"]
[WhiteFideId "-1"]
[BlackFideId "-1"]
[PlyCount "24"]
[GameId "2276419119657970"]
[EventDate "2025.??.??"]
[EventType "team-tourn"]
[EventRounds "9"]
[EventCountry "GER"]
[SourceTitle "Verband Muensterland"]
[SourceDate "2025.09.21"]
[SourceVersion "1"]
[SourceVersionDate "2025.09.21"]
[SourceQuality "1"]
[WhiteTeam "Emsdetten Rochade"]
[BlackTeam "Metelen"]
[WhiteTeamCountry "GER"]
[BlackTeamCountry "GER"]

1. e4 e6 2. d4 d5 3. Nc3 dxe4 4. Nxe4 Bd7 5. Nf3 Bc6 6. Bd3 Nd7 7. Bg5 Be7 8. Bxe7 Qxe7 9. c3 Ngf6 10. Qc2 Nxe4 11. Bxe4 Bxe4 12. Qxe4 c6 1/2-1/2

[Event "Muensterland Regionalliga 2526"]
[Site "Germany"]
[Date "2026.02.07"]
[Round "6"]
[Board "5"]
[White "Morrien, Rolf"]
[Black "Cremann, Jannis"]
[Result "1-0"]
[WhiteElo "1715"]
[BlackElo "1661"]
[WhiteFideId "-1"]
[BlackFideId "-1"]
[PlyCount "61"]
[GameId "2276419119657972"]
[EventDate "2025.??.??"]
[EventType "team-tourn"]
[EventRounds "9"]
[EventCountry "GER"]
[SourceTitle "Verband Muensterland"]
[SourceDate "2025.09.21"]
[SourceVersion "1"]
[SourceVersionDate "2025.09.21"]
[SourceQuality "1"]
[WhiteTeam "Metelen"]
[BlackTeam "Emsdetten Rochade"]
[WhiteTeamCountry "GER"]
[BlackTeamCountry "GER"]

1. f4 d5 2. Nf3 Nc6 3. e3 Bg4 4. Bb5 Nf6 5. b3 e6 6. Bb2 Be7 7. O-O O-O 8. Bxc6 bxc6 9. d3 Bc5 10. Qe1 Re8 11. Ne5 Qd6 12. Nxg4 Nxg4 13. Qg3 e5 14. Qxg4 Bxe3+ 15. Kh1 Bxf4 16. Rxf4 Qc5 17. Na3 Qe3 18. Raf1 Re6 19. Qf3 Qxf3 20. R4xf3 g6 21. Re1 Rae8 22. Rfe3 f6 23. Kg1 a6 24. c4 Kf7 25. cxd5 cxd5 26. Rc1 c6 27. Re2 Ke7 28. Nc2 Rb8 29. Ba3+ Kd7 30. Nb4 Rb6 31. Rc5 1-0

[Event "Muensterland Regionalliga 2526"]
[Site "Germany"]
[Date "2026.02.07"]
[Round "6"]
[Board "6"]
[White "Wehmeier, Sven"]
[Black "Gravenkoetter, Christian"]
[Result "1-0"]
[WhiteElo "1802"]
[BlackElo "1658"]
[WhiteFideId "-1"]
[BlackFideId "-1"]
[PlyCount "99"]
[GameId "2276419119657974"]
[EventDate "2025.??.??"]
[EventType "team-tourn"]
[EventRounds "9"]
[EventCountry "GER"]
[SourceTitle "Verband Muensterland"]
[SourceDate "2025.09.21"]
[SourceVersion "1"]
[SourceVersionDate "2025.09.21"]
[SourceQuality "1"]
[WhiteTeam "Emsdetten Rochade"]
[BlackTeam "Metelen"]
[WhiteTeamCountry "GER"]
[BlackTeamCountry "GER"]

1. e4 e5 2. Nf3 Nc6 3. d4 exd4 4. Nxd4 Bc5 5. Be3 Bb6 6. c3 Nge7 7. Na3 O-O 8. Nc4 d5 9. Nxb6 axb6 10. Nxc6 bxc6 11. Bd3 dxe4 12. Bxe4 Qxd1+ 13. Kxd1 Be6 14. Bf4 Rfd8+ 15. Kc2 Rd7 16. b3 f5 17. Bf3 Bd5 18. Bxd5+ cxd5 19. a4 h6 20. Rhe1 g5 21. Bd2 Kf7 22. Re5 f4 23. Rae1 Rg8 24. g3 fxg3 25. hxg3 Rg6 26. f4 Nc6 27. Rf5+ Rf6 28. Rxf6+ Kxf6 29. Re8 g4 30. Rg8 h5 31. Rg5 d4 32. Rxh5 Rg7 33. Kd3 Ne7 34. cxd4 Nf5 35. Be1 Rd7 36. Bf2 c5 37. Ke4 Nxd4 38. Rh6+ Kg7 39. Rxb6 Re7+ 40. Kd3 Nf3 41. Bxc5 Re1 42. a5 Rd1+ 43. Kc4 Nd2+ 44. Kb4 Ne4 45. Rb7+ Kg6 46. a6 Nxg3 47. a7 Ra1 48. Bb6 Nf5 49. Ba5 Nd4 50. Rb6+ 1-0

[Event "Muensterland Regionalliga 2526"]
[Site "Germany"]
[Date "2026.02.07"]
[Round "6"]
[Board "7"]
[White "Focke, Robert"]
[Black "Weist, Thorsten"]
[Result "0-1"]
[WhiteElo "1494"]
[BlackElo "1740"]
[WhiteFideId "-1"]
[BlackFideId "-1"]
[PlyCount "50"]
[GameId "2276419119657976"]
[EventDate "2025.??.??"]
[EventType "team-tourn"]
[EventRounds "9"]
[EventCountry "GER"]
[SourceTitle "Verband Muensterland"]
[SourceDate "2025.09.21"]
[SourceVersion "1"]
[SourceVersionDate "2025.09.21"]
[SourceQuality "1"]
[WhiteTeam "Metelen"]
[BlackTeam "Emsdetten Rochade"]
[WhiteTeamCountry "GER"]
[BlackTeamCountry "GER"]

1. f4 d5 2. Nf3 e6 3. d4 Nf6 4. e3 Nbd7 5. Bd3 c5 6. b3 b5 7. c4 bxc4 8. bxc4 Be7 9. Nc3 dxc4 10. Bxc4 O-O 11. O-O Bb7 12. Qd3 Nb6 13. Ba3 Nxc4 14. Qxc4 Qa5 15. Qb3 Bxf3 16. Rxf3 c4 17. Qb5 Qxc3 18. Bxe7 Qxa1+ 19. Rf1 Qc3 20. Bxf8 Qxe3+ 21. Rf2 Rxf8 22. Qxc4 Ne4 23. Qe2 Qxf2+ 24. Qxf2 Nxf2 25. Kxf2 Rb8 0-1

[Event "Muensterland Regionalliga 2526"]
[Site "Germany"]
[Date "2026.02.07"]
[Round "6"]
[Board "8"]
[White "Lehmann, Mona"]
[Black "Bruening, Rene"]
[Result "1-0"]
[WhiteElo "1876"]
[BlackElo "1131"]
[WhiteFideId "-1"]
[BlackFideId "-1"]
[PlyCount "43"]
[GameId "2276419119657978"]
[EventDate "2025.??.??"]
[EventType "team-tourn"]
[EventRounds "9"]
[EventCountry "GER"]
[SourceTitle "Verband Muensterland"]
[SourceDate "2025.09.21"]
[SourceVersion "1"]
[SourceVersionDate "2025.09.21"]
[SourceQuality "1"]
[WhiteTeam "Emsdetten Rochade"]
[BlackTeam "Metelen"]
[WhiteTeamCountry "GER"]
[BlackTeamCountry "GER"]

1. e4 e5 2. Nf3 Nc6 3. Bc4 Bc5 4. c3 Nf6 5. d3 d6 6. O-O Bg4 7. b4 Bb6 8. Nbd2 a5 9. b5 Ne7 10. a4 Ng6 11. Re1 Nf4 12. Nf1 O-O 13. h3 h5 14. Bxf4 exf4 15. hxg4 Bxf2+ 16. Kxf2 hxg4 17. Nd4 Qd7 18. g3 d5 19. Bxd5 Nxd5 20. exd5 Qxd5 21. Qxg4 fxg3+ 22. Nxg3 1-0

[Event "Muensterland Regionalliga 2526"]
[Site "Germany"]
[Date "2026.02.07"]
[Round "6"]
[Board "1"]
[White "Schroer, Klaus"]
[Black "Kipp, Lucas"]
[Result "1-0"]
[WhiteElo "2095"]
[BlackElo "2013"]
[WhiteFideId "-1"]
[BlackFideId "-1"]
[PlyCount "105"]
[GameId "2095106920076468"]
[EventDate "2025.??.??"]
[EventType "team-tourn"]
[EventRounds "9"]
[EventCountry "GER"]
[SourceTitle "Verband Muensterland"]
[SourceDate "2025.09.21"]
[SourceVersion "1"]
[SourceVersionDate "2025.09.21"]
[SourceQuality "1"]
[WhiteTeam "Borken"]
[BlackTeam "Saerbeck"]
[WhiteTeamCountry "GER"]
[BlackTeamCountry "GER"]

1. e4 d6 2. d4 Nf6 3. Nc3 e5 4. Nf3 Nbd7 5. Bc4 Be7 6. O-O O-O 7. a4 exd4 8. Nxd4 Nc5 9. Re1 c6 10. Bf1 a5 11. h3 Re8 12. Qf3 Be6 13. Nf5 Bxf5 14. Qxf5 Qd7 15. Qf3 Rad8 16. Be3 Qe6 17. Rad1 Nfd7 18. Qg3 Nb6 19. Bxc5 dxc5 20. Qc7 Nd7 21. Qxb7 Bd6 22. Bc4 Qg6 23. f4 Qg3 24. e5 Nxe5 25. fxe5 Bxe5 26. Rxe5 Rxd1+ 27. Nxd1 Qxe5 28. Qxf7+ Kh8 29. Qf1 Qd4+ 30. Kh2 Qd6+ 31. Kh1 Qd2 32. Kh2 Qd6+ 33. g3 Qd2+ 34. Nf2 Re1 35. Qg2 Qxc2 36. b3 Qb2 37. Qf3 Qf6 38. Qxf6 gxf6 39. Nd3 Re2+ 40. Kg1 Kg7 41. Nxc5 Re5 42. Ne6+ Kg6 43. Kf2 Kf5 44. Nd4+ Ke4 45. Nxc6 Rf5+ 46. Ke2 Rc5 47. Ne7 Rg5 48. Kf2 Re5 49. Ng8 Kd4 50. h4 Rf5+ 51. Ke2 Re5+ 52. Kf3 Re8 53. Kf4 1-0

[Event "Muensterland Regionalliga 2526"]
[Site "Germany"]
[Date "2026.02.07"]
[Round "6"]
[Board "2"]
[White "Bartsch, Jan"]
[Black "Schulze Schwering, Philipp"]
[Result "1-0"]
[WhiteElo "1883"]
[BlackElo "2018"]
[WhiteFideId "-1"]
[BlackFideId "-1"]
[PlyCount "85"]
[GameId "2095107169440957"]
[EventDate "2025.??.??"]
[EventType "team-tourn"]
[EventRounds "9"]
[EventCountry "GER"]
[SourceTitle "Verband Muensterland"]
[SourceDate "2025.09.21"]
[SourceVersion "1"]
[SourceVersionDate "2025.09.21"]
[SourceQuality "1"]
[WhiteTeam "Saerbeck"]
[BlackTeam "Borken"]
[WhiteTeamCountry "GER"]
[BlackTeamCountry "GER"]

1. d4 d5 2. Nc3 Nf6 3. Bf4 c5 4. e3 cxd4 5. exd4 a6 6. Nf3 Nc6 7. h3 Bf5 8. Ne5 e6 9. Nxc6 bxc6 10. Bd3 Bxd3 11. Qxd3 Bd6 12. Bxd6 Qxd6 13. O-O O-O 14. Na4 Nd7 15. Rac1 e5 16. dxe5 Nxe5 17. Qg3 Nc4 18. Qxd6 Nxd6 19. Nc5 a5 20. b3 Rfe8 21. Rfe1 Nb5 22. Rxe8+ Rxe8 23. c4 dxc4 24. Rxc4 g6 25. Nb7 Re1+ 26. Kh2 Re2 27. a4 Na3 28. Rxc6 Rxf2 29. Nxa5 Nc2 30. Kg3 Rd2 31. Rc3 Ne1 32. Nc6 Rxg2+ 33. Kf4 Re2 34. a5 Ra2 35. b4 Nc2 36. b5 Nb4 37. Nxb4 Rxa5 38. Rc5 Ra4 39. Rc4 Ra5 40. b6 Rb5 41. Nd5 Kg7 42. Rb4 Rxd5 43. b7 1-0